000 00768nam a2200253Ia 4500
003 OSt
005 20220918170835.0
006 a|||||r|||| 00| 0
007 ta
008 220917b |||||||| |||| 00| 0 eng d
020 _a9780706990324 (hbk)
_c1250
024 _a243,048
037 _b30358, 07/10/2010, Segment Book Distributors
_cTextual
040 _aARTS
_cARTS
_beng
041 _2eng
_aeng
082 _a2:2, M7(2D)
100 _aKrishan Kumar
245 0 _aLibrary organization
260 _aNew Delhi
_bVikas Publishing House Pvt Ltd India
_c2010
300 _avi, 277p.
_ccm.
650 _aLIBRARY SCIENCE
942 _h2:2, M7(2D)
_cTEXL
_2CC
999 _c136140
_d136140